000 01491cam a22002054a 4500
005 20250605164242.0
008 250528s ||||||||||||||||||||||||d
035 _a21374
020 _a9789602185650
040 _aGR-AtMCL
_bgre
_dGR-AtMCL
_eAACR2
245 1 _aΜικροοικονομική Θεωρία / Βασικές Αρχές και Προεκτάσεις.
_nΤόμος Β'
260 _bΚριτική - Επιστημονική Βιβλιοθήκη,
_c2008
300 _a584
520 _aΈνα άρτιο και σύγχρονο γνωστικό εργαλείο που χρησιμοποιείται ευρέως σε οικονομικές σχολές σε όλο τον κόσμο. Παραγωγή και Προσφορά, Συναρτήσεις Παραγωγής, Το Κόστος, Μεγιστοποίηση του Κέρδους και Προσφορά, Τέλειος Ανταγωνισμός, Το Ανταγωνιστικό Υπόδειγμα Μερικής Ισορροπίας, Εφαρμοσμένη Ανάλυση του Ανταγωνισμού, Γενική Ισορροπία του Ανταγωνισμού, Η Αποτελεσματικότητα του Τέλειου Ανταγωνισμού, Υποδείγματα Ατελούς Ανταγωνισμού, Μονοπωλιακά Υποδείγματα.
700 1 _aNicholson Walter
_93549
700 1 _aΜινόγλου Θέμις
_92951
942 _cBK
999 _c6437
_d6437